000
00297nam a2200121Ia 4500
008
220120s9999||||xx |||||||||||||| ||und||
020
_a
9780316027533
082
_a
005.1 BAN
100
_a
Banerjee, Avik
245
0
_a
Sprite of C and data structures
260
_b
New York
300
_a
112p.
_b
225
999
_c
136406
_d
136406